000
00273nam a2200133Ia 4500
100
_a
Ramalho/Jose A
942
_c
BK
654
_a
HTML
245
_a
Learn Advanced HTML 4.0 wth DHTML
260
_b
BPB
_c
2000
082
_a
4.62
_b
RAM
300
_a
752
546
_a
ENGLISH
999
_c
33986
_d
33986